000 00624nam a2200229 i 4500
001 20093
003 ES-MaACL
005 20240508063025.0
007 t|
008 021127s2002 sp ||||1| spa d
020 _a84-7432-854-3
080 _a1(081) Tugendhat, Ernst
100 _aTugendhat, Ernst,
_d1930-
_9235667
245 1 0 _aProblemas /
_cErnst Tugendhat.
250 _a1ยช ed.
260 _aBarcelona :
_bGedisa,
_c2002.
300 _a285 p. ;
_c23 cm.
490 1 _aSerie Cla-de-ma
830 0 _aSerie Cla-de-ma
_9180262
852 _aES-MaACL
_jL-26017
_bR.131846
999 _c20093
_d20093